[Event "Mistrzostwa Polski Juniorow do lat 18 - Chlopcy"]
[Site "Jastrzebia Gora"]
[Date "1899-12-30"]
[Round "2.3"]
[White "Budzisz, Adrian"]
[Black "Dzida, Kamil"]
[Result "0-1"]
[WhiteTitle "k"]
[BlackTitle "m"]
[WhiteElo "2069"]
[BlackElo "2333"]

1. d4 Nf6 2. c4 e6 3. g3 d5 4. Nf3 dxc4 5. Bg2 Bb4+ 6. Bd2 a5 7. Qc2 Bxd2+ 8. Nbxd2
b5 9. a4 c6 10. O-O O-O 11. b3 cxb3 12. Nxb3 b4 13. e4 Nbd7 14. Rfd1 Bb7 15. Nfd2
Qc7 16. Nc4 Rfd8 17. f4 Rdc8 18. h3 Nd5 19. Rd2 Nc3 20. Qb2 c5 21. d5 Nb6 22.
Nbxa5 exd5 23. Nxb6 Rxa5 24. Nxd5 Bxd5 25. exd5 Qd6 26. Rd3 Rxa4 27. Rxa4 Nxa4
28. Qc2 c4 29. Re3 b3 0-1

[Event "Mistrzostwa Polski Juniorow do lat 18 - Chlopcy"]
[Site "Jastrzebia Gora"]
[Date "1899-12-30"]
[Round "2.4"]
[White "Wilk, Igor"]
[Black "Zdybel, Przemyslaw"]
[Result "1-0"]
[WhiteTitle "I++"]
[BlackTitle "I++"]
[WhiteElo "2058"]
[BlackElo "2268"]

1. e4 e5 2. Nf3 Nc6 3. Bb5 a6 4. Ba4 Nf6 5. d3 b5 6. Bb3 Be7 7. O-O d6 8. c3 O-O
9. Re1 Na5 10. Bc2 c5 11. d4 cxd4 12. cxd4 Nc6 13. h3 exd4 14. Nxd4 Nxd4 15. Qxd4
Be6 16. Nc3 Rc8 17. Bb3 Nd7 18. Nd5 Bxd5 19. Bxd5 Bf6 20. Qd1 Nb6 21. Bb7 Rb8
22. Bxa6 Nc4 23. b3 Bxa1 24. bxc4 bxc4 25. Bxc4 Be5 26. Be3 Qa5 27. Rf1 Qb4 28.
Qd5 Kh8 29. Bb3 Rbc8 30. Rd1 Qc3 31. Bd4 Qc7 32. Be3 Qe7 33. f4 Bf6 34. Qf5 Rfe8
35. Bd5 Rc3 36. Bf2 Kg8 37. Rb1 Rc7 38. a4 g6 39. Qg4 Bc3 40. Rb5 Qf6 41. Kh2
Bd4 42. Bh4 Qg7 43. Qd1 Be3 44. Qf3 Qd4 45. Rb1 Rc1 46. Rxc1 Bxc1 47. f5 g5 48.
Bg3 Be3 49. Qh5 Qf6 50. h4 h6 51. Qg6+ Qxg6 52. fxg6 Kg7 53. gxf7 Rd8 54. Kh3
Bc5 55. Kg4 Kg6 56. h5+ Kf6 57. Be1 Bd4 58. Ba5 Rf8 59. Bc7 Ke5 60. Kf3 Rc8 61.
Ke2 Ba7 62. Kd3 Bf2 63. a5 g4 64. Bb6 g3 65. Bxf2 gxf2 66. Ke2 Kd4 67. Kxf2 Ke5
68. a6 Rc2+ 69. Kg3 Rc3+ 70. Kh2 Rc8 71. a7 1-0

[Event "Mistrzostwa Polski Juniorow do lat 18 - Chlopcy"]
[Site "Jastrzebia Gora"]
[Date "1899-12-30"]
[Round "2.5"]
[White "Kacprzak, Kacper"]
[Black "Ciszewski, Krzysztof"]
[Result "1/2-1/2"]
[WhiteTitle "k++"]
[BlackTitle "I++"]
[WhiteElo "2248"]
[BlackElo "2047"]

1. e4 c5 2. Nf3 d6 3. d4 cxd4 4. Nxd4 Nf6 5. Nc3 a6 6. Bg5 e6 7. f4 h6 8. Bh4 Qb6
9. Qd2 Qxb2 10. Rb1 Qa3 11. e5 dxe5 12. fxe5 Nfd7 13. Ne4 Qxa2 14. Rd1 Qd5 15.
Qe3 Qxe5 16. Be2 Bc5 17. Bg3 Qd5 18. c4 Bxd4 19. Rxd4 Qa5+ 20. Rd2 O-O 21. Bd6
f5 22. Bxf8 Nxf8 23. Nd6 Nbd7 24. g4 Qa1+ 25. Bd1 Qe5 26. Qxe5 Nxe5 27. gxf5 exf5
28. O-O g6 29. Re1 Nfd7 30. Rd5 a5 31. Rexe5 Nxe5 32. Rxe5 Bd7 33. Nxb7 a4 34.
Nc5 a3 35. Bb3 Be8 36. Ba2 Bf7 37. Nb7 Kg7 38. Re2 Rb8 39. Nd6 Rb2 40. Kf2 Be6
41. Ne8+ Kf7 42. Nc7 f4 1/2-1/2

[Event "Mistrzostwa Polski Juniorow do lat 18 - Chlopcy"]
[Site "Jastrzebia Gora"]
[Date "1899-12-30"]
[Round "2.6"]
[White "Taranowicz, Michal"]
[Black "Luberanski, Jakub"]
[Result "0-1"]
[WhiteTitle "I++"]
[BlackTitle "FM"]
[WhiteElo "1900"]
[BlackElo "2242"]

1. e4 c5 2. Nf3 e6 3. d3 d5 4. Nbd2 Nc6 5. g3 Nf6 6. Bg2 Be7 7. O-O O-O 8. Re1
Qc7 9. Nf1 dxe4 10. dxe4 Rd8 11. Bd2 e5 12. c3 b5 13. Qc2 Be6 14. b3 a5 15. Bg5
Ne8 16. Bxe7 Qxe7 17. Ne3 Nc7 18. h4 f6 19. a4 Rab8 20. axb5 Rxb5 21. Rab1 Ne8
22. Nd5 Qf7 23. Bf1 Rb7 24. Bc4 Nd6 25. Ra1 Nxe4 26. Nxf6+ Nxf6 27. Ng5 Bxc4 28.
Nxf7 Bxf7 29. c4 Nd4 30. Qc3 Ra8 31. Rxa5 Rab8 32. Rxc5 Rxb3 33. Qa5 Nf3+ 34.
Kg2 Nxe1+ 35. Qxe1 e4 36. Qc1 Rf3 37. Rb5 Rc8 38. Rb4 Ng4 39. Rb2 Bxc4 40. Rc2
Bf1+ 41. Kg1 Rxc2 42. Qxc2 Bh3 43. Qxe4 Rxf2 44. Qe6+ Kf8 45. Qd6+ Kg8 46. Qe6+
Rf7 47. h5 h6 48. Qd5 Nf6 49. Qc6 Bg4 50. Kg2 Bxh5 51. Qe6 Kh7 52. Qe5 Bg6 53.
Qe6 Ne4 54. g4 Rf2+ 55. Kg1 Rf4 56. Kg2 Nf6 57. g5 Rg4+ 58. Kh2 Rxg5 0-1

[Event "Mistrzostwa Polski Juniorow do lat 18 - Chlopcy"]
[Site "Jastrzebia Gora"]
[Date "1899-12-30"]
[Round "2.7"]
[White "Kaliszuk, Kamil"]
[Black "Biesiadecki, Adam"]
[Result "1-0"]
[WhiteTitle "k"]
[BlackTitle "I"]
[WhiteElo "2217"]
[BlackElo "1761"]

1. d4 Nf6 2. c4 e6 3. Nc3 Bb4 4. e3 O-O 5. Bd2 d5 6. Nf3 b6 7. cxd5 exd5 8. Rc1
Bb7 9. Bd3 Nbd7 10. O-O Bxc3 11. Bxc3 Ne4 12. Be1 c5 13. dxc5 bxc5 14. Nd2 Nd6
15. Nf3 Ne4 16. b4 c4 17. Bb1 Ndf6 18. Nd4 Qd7 19. Qc2 a5 20. f3 Ng5 21. bxa5
Rfe8 22. Bc3 h6 23. Nf5 Ngh7 24. Rce1 Ra6 25. Nxg7 Ree6 1-0

[Event "Mistrzostwa Polski Juniorow do lat 18 - Chlopcy"]
[Site "Jastrzebia Gora"]
[Date "1899-12-30"]
[Round "2.8"]
[White "Krasniewski, Szymon"]
[Black "Backiel, Hubert"]
[Result "1/2-1/2"]
[WhiteTitle "I"]
[BlackTitle "k"]
[WhiteElo "1771"]
[BlackElo "2127"]

1. d4 Nf6 2. c4 e6 3. Nf3 d5 4. Nc3 Bb4 5. e3 O-O 6. Bd2 Re8 7. Bd3 Nbd7 8. O-O
c6 9. Rc1 dxc4 10. Bxc4 b5 11. Be2 Bb7 12. Qb3 Bf8 13. Rfd1 a6 14. Be1 Qb8 15.
a3 Qa7 16. Ne5 c5 17. Bf3 Nxe5 18. dxe5 Bxf3 19. gxf3 Nd7 20. f4 c4 21. Qc2 Nc5
22. Ne2 Qb7 23. Nd4 Nd3 24. Rb1 Red8 25. Qe2 Bc5 26. Qf3 Qd5 27. Bc3 Qxf3 28.
Nxf3 a5 29. Bd4 Be7 30. Ne1 Rxd4 31. exd4 Nxf4 32. Kf1 Nd5 33. Rdc1 Rc8 34. Rc2
Bg5 35. b3 c3 36. Nd3 Be7 37. Ra1 Bd8 38. Nc1 Bb6 39. Ne2 g5 40. Rac1 b4 41. axb4
axb4 42. Ra1 Kg7 43. Kg2 Kg6 44. Kf3 h5 45. h3 h4 46. Ke4 f5+ 47. exf6 Nxf6+ 48.
Kd3 Kf5 49. Ra6 Rc6 50. f3 Rd6 51. Kc4 Nd5 52. Rc1 Nc7 53. Ra2 Nd5 54. Ra6 Nc7
55. Ra2 Nd5 56. Ra6 1/2-1/2

[Event "Mistrzostwa Polski Juniorow do lat 18 - Chlopcy"]
[Site "Jastrzebia Gora"]
[Date "1899-12-30"]
[Round "2.9"]
[White "Luczak, Filip"]
[Black "Pisarek, Jan"]
[Result "1-0"]
[WhiteTitle "FM"]
[BlackTitle "I"]
[WhiteElo "2345"]
[BlackElo "1931"]

1. Nf3 c5 2. g3 Nc6 3. Bg2 g6 4. c3 Bg7 5. d4 cxd4 6. cxd4 Nf6 7. O-O d5 8. Nc3
O-O 9. Ne5 Nxe5 10. dxe5 Ng4 11. Nxd5 Nxe5 12. Bg5 Nc6 13. Qa4 h6 14. Be3 Bd7
15. Rad1 Re8 16. Qb3 Rb8 17. Rd2 e5 18. Qa3 Nd4 19. Bxd4 exd4 20. Qxa7 Bc6 21.
Nf4 Ra8 22. Qc5 Bxg2 23. Kxg2 Rxa2 24. Qb5 b6 25. Qb3 Ra5 26. Nxg6 Qg5 27. Nf4
Be5 28. h4 Qf6 29. Nd3 Bb8 30. Ne1 Rae5 31. Qd3 Qg7 32. Nf3 Re4 33. Qb5 R8e6 34.
Rc1 Kh7 35. Qf5+ Qg6 36. Qxg6+ Kxg6 37. Nxd4 Rd6 38. e3 Re8 39. Rdc2 Rf6 40. Rc6
Be5 41. Rxf6+ Bxf6 42. Rc6 1-0

[Event "Mistrzostwa Polski Juniorow do lat 18 - Chlopcy"]
[Site "Jastrzebia Gora"]
[Date "1899-12-30"]
[Round "2.10"]
[White "Czernek, Tymon"]
[Black "Kitewski, Bartosz"]
[Result "1-0"]
[WhiteTitle "FM"]
[BlackTitle "I++"]
[WhiteElo "2314"]
[BlackElo "1968"]

1. e4 c5 2. Nf3 d6 3. d4 cxd4 4. Nxd4 Nf6 5. Nc3 a6 6. Rg1 Nc6 7. g4 Nxd4 8. Qxd4
e5 9. Qd1 Be6 10. g5 Nd7 11. Be3 Rc8 12. Qd2 Nc5 13. b4 Nd7 14. Nd5 Bxd5 15. Qxd5
Qc7 16. Bd3 Nb6 17. Bxb6 Qxb6 18. Ke2 Be7 19. a4 g6 20. a5 Qc7 21. h4 Qd7 22.
Rg3 Rc7 23. h5 Qd8 24. Rh1 Bxg5 25. hxg6 fxg6 26. f4 Bf6 27. f5 g5 28. Rh6 Qe7
29. Kf1 Qf7 30. Qxd6 Rc6 31. Qb8+ Kd7 32. Qxb7+ Rc7 33. Qxa6 1-0

[Event "Mistrzostwa Polski Juniorow do lat 18 - Chlopcy"]
[Site "Jastrzebia Gora"]
[Date "1899-12-30"]
[Round "2.11"]
[White "Lis, Maksymilian"]
[Black "Chyzy, Jakub"]
[Result "0-1"]
[WhiteTitle "I"]
[BlackTitle "FM"]
[WhiteElo "1784"]
[BlackElo "2250"]

1. d4 Nf6 2. Nf3 e6 3. c4 d5 4. Nc3 Bb4 5. Bd2 O-O 6. e3 b6 7. cxd5 exd5 8. Qa4
Bd6 9. Bd3 a6 10. h3 Re8 11. O-O Bb7 12. Ne2 Nbd7 13. Bb4 c5 14. dxc5 bxc5 15.
Ba5 Qe7 16. Bc3 d4 17. exd4 Bxf3 18. gxf3 Nd5 19. Bd2 Qe6 20. Kg2 cxd4 21. Qxd4
Be5 22. Qg4 Qd6 23. Rad1 N5f6 24. Bb4 Qb6 25. Qh4 g5 26. Qxg5+ Kh8 27. Qh4 Rg8+
28. Kh1 Qb7 29. Ng3 Qxf3+ 30. Kh2 Rab8 31. Rd2 Rxb4 32. Qxb4 Bxg3+ 0-1

[Event "Mistrzostwa Polski Juniorow do lat 18 - Chlopcy"]
[Site "Jastrzebia Gora"]
[Date "1899-12-30"]
[Round "2.12"]
[White "Ochedzan, Tymon"]
[Black "Kossowski, Pawel"]
[Result "1-0"]
[WhiteTitle "FM"]
[BlackTitle "I"]
[WhiteElo "2240"]
[BlackElo "1766"]

1. e4 c5 2. Nf3 e6 3. g3 d5 4. exd5 exd5 5. d4 Nc6 6. Bg2 Nf6 7. O-O Bg4 8. c3
cxd4 9. cxd4 Be7 10. Nc3 O-O 11. h3 Bf5 12. Re1 Ne4 13. Qb3 Nxc3 14. bxc3 Na5
15. Qa4 Be4 16. Nd2 Bxg2 17. Kxg2 b6 18. Ba3 Re8 19. Bb4 Bxb4 20. cxb4 Nc4 21.
Nf3 a6 22. Qc6 Rxe1 23. Rxe1 a5 24. Re7 Rc8 25. Rd7 Qe8 26. Qxd5 h6 27. b5 Qf8
28. a4 Qe8 29. h4 Qf8 30. h5 Qe8 31. Nh4 Nb2 32. Ng6 Rb8 33. Re7 1-0

[Event "Mistrzostwa Polski Juniorow do lat 18 - Chlopcy"]
[Site "Jastrzebia Gora"]
[Date "1899-12-30"]
[Round "2.13"]
[White "Madajczak, Piotr"]
[Black "Kacprzak, Karol"]
[Result "1/2-1/2"]
[WhiteTitle "I+"]
[BlackTitle "k+"]
[WhiteElo "1897"]
[BlackElo "2221"]

1. c4 e5 2. Nc3 Nc6 3. g3 Bc5 4. Bg2 d6 5. e3 a6 6. Nge2 Ba7 7. d3 h5 8. h4 Bg4
9. Rb1 Nf6 10. b4 Qd7 11. Nd5 Nxd5 12. cxd5 Ne7 13. Qc2 c6 14. dxc6 bxc6 15. Nc3
O-O 16. O-O Bh3 17. Ne4 Bxg2 18. Kxg2 Nf5 19. Bd2 Rfe8 20. Rbc1 d5 21. Ng5 f6
22. Nf3 e4 23. dxe4 dxe4 24. Nh2 Re6 25. Rfd1 Qf7 26. Qc4 Bb8 27. Qe2 Qg6 28.
Kh1 Bc7 29. Be1 Ne7 30. Qc4 Qf5 31. Rd7 Nd5 32. Rxd5 cxd5 33. Qxc7 Ree8 34. Qf4
Qxf4 35. gxf4 Rac8 36. Rc5 Rxc5 37. bxc5 Rb8 38. Bc3 Rb5 39. Bd4 Ra5 40. c6 Rxa2
41. c7 Rc2 42. Bb6 Kf7 43. Nf1 f5 1/2-1/2

[Event "Mistrzostwa Polski Juniorow do lat 18 - Chlopcy"]
[Site "Jastrzebia Gora"]
[Date "1899-12-30"]
[Round "2.14"]
[White "Grzesik, Gracjan"]
[Black "Smetek, Michal"]
[Result "1-0"]
[WhiteTitle "k"]
[BlackTitle "I+"]
[WhiteElo "2149"]
[BlackElo "1787"]

1. e4 c6 2. d4 d5 3. exd5 cxd5 4. Bd3 Nc6 5. c3 g6 6. Bf4 Bg7 7. h3 Nf6 8. Nf3
Bf5 9. Be2 O-O 10. O-O a6 11. Nbd2 Ne4 12. Re1 Nxd2 13. Qxd2 Re8 14. Bh6 Be4 15.
Nh2 b5 16. Bxg7 Kxg7 17. g4 g5 18. Qxg5+ Kh8 19. Nf1 f6 20. Qh6 Bg6 21. f4 Rg8
22. Ng3 Be4 23. f5 Rg5 24. h4 Rg7 25. Qf4 Qd7 26. Kf2 e5 27. fxe6 Qxe6 28. Bf3
Ne5 29. dxe5 fxe5 30. Rxe4 dxe4 31. Qxe4 Rd8 32. Nf5 Rgd7 33. Re1 Rd2+ 34. Kg3
Re8 35. Qb7 Rg8 36. Qe4 Re8 37. Qb4 Rg8 38. Kh3 h5 39. Qe4 Re8 40. gxh5 Qb6 41.
Re2 Rxe2 42. Bxe2 Qf6 43. Bd3 Qe6 44. Qb7 Qf6 45. Be4 Rd8 46. h6 Rg8 47. Qc7 Qe6
48. Qg7+ Rxg7 49. hxg7+ Kh7 50. g8=Q+ Kxg8 51. Bd5 1-0

[Event "Mistrzostwa Polski Juniorow do lat 18 - Chlopcy"]
[Site "Jastrzebia Gora"]
[Date "1899-12-30"]
[Round "2.15"]
[White "Paprocki, Antoni"]
[Black "Kotowicz, Kamil"]
[Result "0-1"]
[WhiteTitle "k"]
[BlackTitle "I"]
[WhiteElo "2255"]
[BlackElo "1828"]

1. d4 Nf6 2. c4 e6 3. g3 Bb4+ 4. Nd2 c5 5. a3 Bxd2+ 6. Qxd2 cxd4 7. Nf3 Nc6 8.
Nxd4 O-O 9. Bg2 d5 10. b4 Ne5 11. cxd5 exd5 12. O-O Re8 13. Qc2 Be6 14. Bg5 Rc8
15. Qb3 h6 16. Bxf6 Qxf6 17. Rac1 a6 18. e3 Rc4 19. Rcd1 Rec8 20. f4 Ng4 21. f5
Bd7 22. Ne2 Rc2 23. Nd4 R2c3 24. Qxd5 Ba4 25. Ne2 Bxd1 26. Nxc3 Qxc3 27. Rxd1
Qxe3+ 28. Kh1 Nf2+ 29. Kg1 Nh3+ 30. Kh1 Qg1+ 31. Rxg1 Nf2# 0-1

[Event "Mistrzostwa Polski Juniorow do lat 18 - Chlopcy"]
[Site "Jastrzebia Gora"]
[Date "1899-12-30"]
[Round "2.16"]
[White "Wesolek, Krzysztof"]
[Black "Malik, Maciej"]
[Result "0-1"]
[WhiteTitle "I+"]
[BlackTitle "k"]
[WhiteElo "1765"]
[BlackElo "2163"]

1. e4 c5 2. Nf3 e6 3. d4 cxd4 4. c3 d3 5. Bxd3 Nc6 6. Be3 Nf6 7. h3 Qc7 8. Nbd2
Be7 9. Qe2 d6 10. O-O O-O 11. Rad1 a6 12. Bb1 d5 13. exd5 Nxd5 14. Qd3 f5 15.
Rfe1 b5 16. Nb3 Nd8 17. Nbd4 Nxe3 18. Rxe3 Bc5 19. Rde1 Bd6 20. Ne5 Bb7 21. Ndf3
Bd5 22. Rd1 Nb7 23. g4 Nc5 24. Qd2 Ne4 25. Qd4 Bc5 26. Qd3 Bxe3 27. Qxe3 Rad8
28. gxf5 exf5 29. Qf4 Bb7 30. Rxd8 Qxd8 31. Bc2 Bd5 32. a3 Qf6 33. Nd7 Qg6+ 34.
Kh2 Rd8 35. Nde5 Qf6 36. Nd4 g6 37. Bxe4 Bxe4 38. f3 Bd5 39. Ng4 Qd6 40. Qxd6
Rxd6 41. Ne5 Kg7 42. Kg3 Kf6 43. Nd3 Bb7 44. Nc5 Bc8 45. f4 Rd5 46. Nd3 Rd8 47.
Nc5 Re8 48. Kf3 Re1 49. a4 bxa4 50. Nxa4 Bb7+ 51. Kf2 Ra1 52. b3 Ke7 53. Nc5 Bc8
54. c4 Kd6 55. Nd3 Rh1 56. Ne5 Rh2+ 57. Kg3 Rh1 58. b4 Rb1 59. b5 a5 60. Nd3 Rd1
61. c5+ 0-1

[Event "Mistrzostwa Polski Juniorow do lat 18 - Chlopcy"]
[Site "Jastrzebia Gora"]
[Date "1899-12-30"]
[Round "2.17"]
[White "Kolodziejski, Piotr"]
[Black "Pieczulis, Blazej"]
[Result "0-1"]
[WhiteTitle "k"]
[BlackTitle "I"]
[WhiteElo "2118"]
[BlackElo "1784"]

1. e4 c6 2. d3 d5 3. Nf3 Bg4 4. h3 Bxf3 5. Qxf3 e6 6. Be2 Nd7 7. O-O g6 8. c3 Bg7
9. Nd2 Ne7 10. Re1 Qc7 11. Nf1 O-O 12. h4 f5 13. exf5 Nxf5 14. Qh3 Rae8 15. Ne3
d4 16. cxd4 Bxd4 17. Bd1 Ne5 18. Bc2 h5 19. Re2 Kh7 20. Rb1 Qd8 21. Nxf5 Rxf5
22. Be3 Ng4 23. Qg3 Ref8 24. Bb3 Bxe3 25. fxe3 Qxd3 26. Rbe1 Qxe2 0-1

[Event "Mistrzostwa Polski Juniorow do lat 18 - Chlopcy"]
[Site "Jastrzebia Gora"]
[Date "1899-12-30"]
[Round "2.18"]
[White "Bem, Tymoteusz"]
[Black "Stachecki, Mikolaj"]
[Result "0-1"]
[WhiteTitle "I"]
[BlackTitle "I++"]
[WhiteElo "1748"]
[BlackElo "2015"]

1. d4 Nf6 2. c4 g6 3. Nc3 Bg7 4. e4 d6 5. f3 O-O 6. Be3 a6 7. Qd2 Nbd7 8. Nh3 c5
9. d5 b5 10. cxb5 Qa5 11. Nf2 Nb6 12. Be2 Nfd7 13. Bh6 Bxh6 14. Qxh6 Na4 15. Rc1
axb5 16. h4 Nxc3 17. bxc3 Rd8 18. h5 Nf8 19. f4 b4 20. f5 bxc3 21. Ng4 Qxa2 22.
Rd1 c2 23. Rc1 Qb2 24. hxg6 fxg6 25. Qg5 Ra1 26. Kf2 Qd4+ 27. Kg3 Rxc1 28. Rxc1
Re8 29. Bf3 h5 30. Nh6+ Kg7 31. Bxh5 Qf6 32. Qe3 gxh5 33. Rh1 Qxh6 34. Qc3+ Kf7
35. Qxc2 Qe3+ 36. Kh2 Nd7 0-1

[Event "Mistrzostwa Polski Juniorow do lat 18 - Chlopcy"]
[Site "Jastrzebia Gora"]
[Date "1899-12-30"]
[Round "2.19"]
[White "Syrkiewicz, Michal"]
[Black "Sternik, Piotr"]
[Result "1-0"]
[WhiteTitle "k"]
[BlackTitle "I"]
[WhiteElo "2000"]
[BlackElo "1746"]

1. e4 c5 2. Nf3 d6 3. d4 cxd4 4. Nxd4 Nf6 5. Nc3 a6 6. Be3 e5 7. Nf3 Be6 8. Ng5
Qd7 9. Nxe6 Qxe6 10. Be2 Be7 11. Bg5 Nbd7 12. b3 Rc8 13. Bc4 Rxc4 14. bxc4 Qxc4
15. Qd3 Qc6 16. f3 Nc5 17. Qd2 h6 18. Be3 O-O 19. O-O Rc8 20. Rfc1 b5 21. Nd5
Nxd5 22. exd5 Qd7 23. c4 f5 24. cxb5 Qxb5 25. Rab1 Qd7 26. Qe2 Qa7 27. Rc4 Bd8
28. Qc2 f4 29. Bxc5 Rxc5 30. Rxc5 Bb6 31. Qf5 Bxc5+ 32. Kh1 Qc7 33. g3 fxg3 34.
hxg3 a5 35. Rb3 Bb4 36. Qb1 Qc8 37. Kg2 e4 38. Qxe4 Qc1 39. Re3 Qd2+ 40. Re2 Qg5
41. Rc2 Bc5 42. Rb2 Qd8 43. Rb7 Bb4 44. Qe6+ Kh7 45. Re7 Bc3 46. Qe4+ 1-0

[Event "Mistrzostwa Polski Juniorow do lat 18 - Chlopcy"]
[Site "Jastrzebia Gora"]
[Date "1899-12-30"]
[Round "2.20"]
[White "Jedraszek, Pawel"]
[Black "Zeissel, Andrzej"]
[Result "1-0"]
[WhiteTitle "I+"]
[BlackTitle "I"]
[WhiteElo "1944"]
[BlackElo "1717"]

1. e4 c5 2. Nf3 e6 3. d4 cxd4 4. Nxd4 a6 5. Bd3 Bc5 6. Nb3 Ba7 7. Qe2 Ne7 8. Be3
O-O 9. O-O Nbc6 10. f4 Bxe3+ 11. Qxe3 d6 12. Nc3 b5 13. Rad1 Qc7 14. Kh1 b4 15.
Ne2 Bb7 16. Ng3 d5 17. Nh5 dxe4 18. Bxe4 Rad8 19. Nc5 Bc8 20. Nd3 Qa5 21. Qh3
f5 22. Qg3 g6 23. Bxc6 Nxc6 24. Ne5 Nxe5 25. fxe5 Rxd1 26. Rxd1 Rd8 27. Re1 Bb7
28. Nf6+ Kg7 29. Qh4 h5 30. h3 Kh6 31. Qg3 b3 32. axb3 Rd2 33. Rg1 Rxc2 34. Ng8+
Kg7 35. Ne7 Kf7 36. Nxg6 Qd2 37. Nf4 Ke7 38. Qg7+ Ke8 39. Nxe6 Be4 40. Qf8+ Kd7
41. Nc5+ Kc7 42. Nxe4 fxe4 43. e6 e3 44. e7 e2 45. e8=Q e1=Q 46. Qxe1 1-0

[Event "Mistrzostwa Polski Juniorow do lat 18 - Chlopcy"]
[Site "Jastrzebia Gora"]
[Date "1899-12-30"]
[Round "2.21"]
[White "Karut, Kacper"]
[Black "Smuda, Tomasz"]
[Result "1-0"]
[WhiteTitle "I"]
[BlackTitle "I"]
[WhiteElo "1904"]
[BlackElo "1654"]

1. e4 c6 2. d4 d5 3. Nc3 dxe4 4. Nxe4 Bf5 5. Ng3 Bg6 6. Nh3 Nd7 7. Nf4 Qc7 8. c3
Ngf6 9. Be2 e6 10. Be3 a6 11. Qd2 c5 12. O-O Be7 13. Bf3 Rd8 14. Rad1 O-O 15.
h4 Nb6 16. Qe2 Nbd5 17. Nxd5 Nxd5 18. Bxd5 Rxd5 19. h5 Bf5 20. c4 Rd7 21. Nxf5
exf5 22. d5 f4 23. Bd2 Bd6 24. Bc3 Re7 25. Qg4 f5 26. Qh3 f3 27. Qxf3 Re4 28.
Rfe1 Rxc4 29. Re6 b5 30. Qe2 Rh4 31. g3 Rc4 32. Re8 Qf7 33. Re6 f4 34. Rxd6 fxg3
35. fxg3 Re8 36. Re6 Rd8 37. Re7 Rxd5 38. Re8+ 1-0

[Event "Mistrzostwa Polski Juniorow do lat 18 - Chlopcy"]
[Site "Jastrzebia Gora"]
[Date "1899-12-30"]
[Round "2.22"]
[White "Czarniecki, Pawel"]
[Black "Kozlowski, Franciszek"]
[Result "0-1"]
[WhiteTitle "I"]
[BlackTitle "I+"]
[WhiteElo "1625"]
[BlackElo "1829"]

1. Nf3 d5 2. g3 c6 3. Bg2 g6 4. O-O Bg7 5. d3 Nf6 6. c3 O-O 7. Nbd2 Qc7 8. e4 dxe4
9. dxe4 Rd8 10. Qc2 b6 11. Re1 e5 12. b4 Qe7 13. a3 Nbd7 14. Bb2 Nf8 15. Nc4 Ne8
16. Ne3 Ne6 17. Bf1 Bb7 18. Rad1 Nd6 19. c4 Ng5 20. Nxg5 Qxg5 21. c5 Ne8 22. cxb6
axb6 23. Nc4 b5 24. Na5 Qe7 25. Rxd8 Rxd8 26. Nxc6 Qc7 27. Bxb5 Rc8 28. Rc1 Nd6
29. Ba4 Bh6 30. f4 Bxc6 31. Bxc6 Qb6+ 32. Kg2 Qe3 33. Rd1 Rxc6 34. Qxc6 Qe2+ 35.
Kh3 Qh5+ 36. Kg2 Qxd1 37. Bxe5 Qe2+ 38. Kh3 Nxe4 39. Bd4 Qf1+ 40. Kh4 g5+ 41.
Kg4 Qd1+ 42. Kh3 Qxd4 43. Qxh6 Qd7+ 44. Kg2 g4 45. f5 Qxf5 46. Qe3 Ng5 47. Qe2
Qd5+ 48. Kf2 Qd4+ 49. Kf1 Nf3 50. Qf2 Qa1+ 51. Ke2 Qb2+ 52. Kf1 Qc1+ 53. Ke2 Qxa3
54. Qc5 Qb2+ 55. Ke3 Qd2+ 56. Ke4 Ng5+ 57. Kf5 Ne6 58. Qc8+ Kg7 59. Qc4 h5 60.
b5 Qe3 0-1

[Event "Mistrzostwa Polski Juniorow do lat 18 - Chlopcy"]
[Site "Jastrzebia Gora"]
[Date "1899-12-30"]
[Round "3.1"]
[White "Kaliszuk, Kamil"]
[Black "Turski, Bartlomiej"]
[Result "1/2-1/2"]
[WhiteTitle "k"]
[BlackTitle "FM"]
[WhiteElo "2217"]
[BlackElo "2352"]

1. d4 Nf6 2. c4 g6 3. Nc3 Bg7 4. e4 d6 5. Be2 O-O 6. Be3 c5 7. d5 e6 8. Nf3 Re8
9. Nd2 Na6 10. O-O Nc7 11. a4 Na6 12. Bf4 Nb4 13. dxe6 Rxe6 14. Bg5 h6 15. Bh4
Nc6 16. f4 Nd4 17. Bd3 Re8 18. Nd5 Be6 19. Ne3 Bd7 20. Nd5 Be6 21. Ne3 Bd7 22.
Nd5 Be6 1/2-1/2

[Event "Mistrzostwa Polski Juniorow do lat 18 - Chlopcy"]
[Site "Jastrzebia Gora"]
[Date "1899-12-30"]
[Round "3.2"]
[White "Dzida, Kamil"]
[Black "Dziendziel, Mateusz"]
[Result "1-0"]
[WhiteTitle "m"]
[BlackTitle "I++"]
[WhiteElo "2333"]
[BlackElo "2084"]

1. d4 d5 2. c4 c6 3. Nf3 Nf6 4. Nc3 e6 5. Bg5 Nbd7 6. e3 Qa5 7. cxd5 Nxd5 8. Qd2
Bb4 9. Rc1 Nxc3 10. bxc3 Ba3 11. Rb1 b6 12. Bd3 Ba6 13. O-O Bxd3 14. Qxd3 O-O
15. Bh4 Rfe8 16. c4 Bf8 17. Rfd1 Rac8 18. h3 h6 19. Bg3 c5 20. d5 exd5 21. Qf5
Qa4 22. Qxd5 Nf6 23. Qd3 g6 24. Be5 Bg7 25. Qb3 Qa6 26. Bxf6 Bxf6 27. Ne1 Qb7
28. a4 Qc6 29. Nd3 g5 30. Nc1 Rcd8 31. Ne2 Be5 32. Qc2 Kg7 33. Qb3 h5 34. Qb5
Qc7 35. Rd5 Rxd5 36. cxd5 Rd8 37. Qc4 Qd6 38. Rd1 h4 39. Kf1 Bf6 40. Ng1 Qe5 41.
Nf3 Qf5 42. Nh2 Qe5 43. Ng4 Qf5 44. Ke2 Re8 45. d6 Rd8 46. Qd5 Kg6 47. d7 c4 48.
e4 Qxd5 49. Rxd5 Bb2 50. Rd6+ Kg7 51. Ne3 c3 52. Kd3 a6 53. Nf5+ Kf8 54. Rd5 b5
55. axb5 axb5 56. Kc2 1-0

[Event "Mistrzostwa Polski Juniorow do lat 18 - Chlopcy"]
[Site "Jastrzebia Gora"]
[Date "1899-12-30"]
[Round "3.3"]
[White "Luberanski, Jakub"]
[Black "Wilk, Igor"]
[Result "1-0"]
[WhiteTitle "FM"]
[BlackTitle "I++"]
[WhiteElo "2242"]
[BlackElo "2058"]

1. d4 Nf6 2. c4 e6 3. Nf3 b6 4. a3 Bb7 5. Nc3 Be7 6. Qc2 d5 7. cxd5 exd5 8. g3
O-O 9. Bg2 Nbd7 10. O-O c5 11. Rd1 Rc8 12. Bf4 c4 13. Ne5 Re8 14. Bh3 a6 15. Re1
Ra8 16. Rad1 b5 17. Nxd7 Nxd7 18. Bg2 Nf6 19. Be5 Rc8 20. Qf5 g6 21. Qf4 Nh5 22.
Qf3 f6 23. Bf4 Nxf4 24. gxf4 b4 25. axb4 Bxb4 26. f5 Kg7 27. Kh1 Qd6 28. Rg1 Bxc3
29. bxc3 Qe7 30. fxg6 hxg6 31. Bh3 Rc7 32. Rxg6+ Kxg6 33. Rg1+ Kh6 34. Qf4+ 1-0

[Event "Mistrzostwa Polski Juniorow do lat 18 - Chlopcy"]
[Site "Jastrzebia Gora"]
[Date "1899-12-30"]
[Round "3.4"]
[White "Ochedzan, Tymon"]
[Black "Luczak, Filip"]
[Result "1/2-1/2"]
[WhiteTitle "FM"]
[BlackTitle "FM"]
[WhiteElo "2240"]
[BlackElo "2345"]

1. e4 e6 2. d4 d5 3. Nc3 dxe4 4. Nxe4 Nd7 5. g3 b6 6. Bg2 Rb8 7. Ne2 Ngf6 8. Nxf6+
Nxf6 9. c4 Bb4+ 10. Bd2 Bxd2+ 11. Qxd2 Bb7 12. Bxb7 Rxb7 13. O-O O-O 14. Rfd1
c6 15. a4 Qe7 16. Ra3 Rd8 17. Rd3 h6 18. b3 Rbd7 19. Qe3 Qb4 20. Qf3 Rd6 21. Nf4
Qa5 22. Qe3 a6 23. Qe5 Qb4 24. Qe3 b5 25. axb5 axb5 26. Qd2 Qxd2 27. R1xd2 Kf8
28. f3 Ke7 29. Kf2 Ra8 30. Ke3 Ra3 1/2-1/2

[Event "Mistrzostwa Polski Juniorow do lat 18 - Chlopcy"]
[Site "Jastrzebia Gora"]
[Date "1899-12-30"]
[Round "3.5"]
[White "Ciszewski, Krzysztof"]
[Black "Czernek, Tymon"]
[Result "1/2-1/2"]
[WhiteTitle "I++"]
[BlackTitle "FM"]
[WhiteElo "2047"]
[BlackElo "2314"]

1. d4 Nf6 2. c4 e6 3. Nc3 Bb4 4. a3 Bxc3+ 5. bxc3 d5 6. e3 O-O 7. cxd5 exd5 8.
Bd3 Re8 9. Ne2 Nbd7 10. O-O Nf8 11. f3 c5 12. a4 b6 13. Ra2 Bd7 14. g4 h6 15.
Ng3 Qc7 16. Nf5 Ng6 17. Re2 Qc6 18. Bb5 Qc7 19. Bd3 Qc6 20. Bb5 Qc7 21. Bd3 1/2-1/2

[Event "Mistrzostwa Polski Juniorow do lat 18 - Chlopcy"]
[Site "Jastrzebia Gora"]
[Date "1899-12-30"]
[Round "3.6"]
[White "Chyzy, Jakub"]
[Black "Grzesik, Gracjan"]
[Result "1/2-1/2"]
[WhiteTitle "FM"]
[BlackTitle "k"]
[WhiteElo "2250"]
[BlackElo "2149"]

1. e4 c5 2. Nf3 d6 3. d4 cxd4 4. Nxd4 Nf6 5. Nc3 a6 6. Bd3 e5 7. Nde2 Be7 8. O-O
O-O 9. Ng3 b5 10. a4 b4 11. Nd5 Nxd5 12. exd5 f5 13. a5 e4 14. Be2 Nd7 15. f3
exf3 16. Bxf3 Nc5 17. Be3 Qc7 18. Nh5 g6 19. Nf4 Rb8 20. Re1 Bg5 21. Kh1 Ne4 22.
Bxe4 Bxf4 23. Bxf4 fxe4 24. Rxe4 Bf5 25. Re1 Rbd8 26. Qd4 Qc5 27. c3 bxc3 28.
Qxc3 Qxc3 29. bxc3 Rfe8 30. Kg1 Bd3 31. Red1 Bb5 32. Rd4 Rc8 33. Rc1 Rc4 34. Bxd6
Rd8 35. Be5 Rxd4 36. cxd4 Rxd5 37. Rc8+ Kf7 38. Kf2 Bd7 39. Rh8 h5 40. Rh7+ Ke6
1/2-1/2